书目信息 |
| 题名: |
语文
|
|
| 作者: | 温儒敏 总主编 ;陈先云 , 张沛 小学主编 | |
| 分册: | 上册 二年级 | |
| 出版信息: | 北京 人民教育出版社 2017 |
|
| 页数: | 121页 | |
| 开本: | 26cm | |
| 丛书名: | ||
| 单 册: | ||
| 中图分类: | G634.301 , G624.2 | |
| 科图分类: | ||
| 主题词: | 中学语文课--Zhong Xue Yu Wen Ke--初中--教材 , 小学语文课--Xiao Xue Yu Wen Ke--教材 | |
| 电子资源: | ||
| ISBN: | 978-7-107-31932-7 | |
| 000 | 00829nam0 2200265 450 | |
| 001 | 2531317394 | |
| 005 | 20250320084254.45 | |
| 010 | @a978-7-107-31932-7@dCNY13.80 | |
| 100 | @a20241025d2017 cemy0chiy50 ea | |
| 101 | 0 | @achi |
| 102 | @aCN@b110000 | |
| 105 | @aa z 000yy | |
| 200 | 1 | @a语文@AYu Wen@i二年级@h上册@f温儒敏总主编 |
| 210 | @a北京@c人民教育出版社@d2017@h2024重印 | |
| 215 | @a121页@c彩图@d26cm | |
| 300 | @a义务教育教科书 | |
| 606 | 0 | @a中学语文课@AZhong Xue Yu Wen Ke@x初中@j教材 |
| 606 | 0 | @a小学语文课@AXiao Xue Yu Wen Ke@j教材 |
| 690 | @aG634.301@v5 | |
| 690 | @aG624.2@v4 | |
| 701 | 0 | @a温儒敏@AWen Ru Min@f(1946.2-)@4总主编 |
| 702 | 0 | @a陈先云@AChen Xian Yun@4小学主编 |
| 702 | 0 | @a张沛@AZhang Pei@4编写 |
| 801 | 0 | @aCN@bAHXH@c20241025 |
| 905 | @b214146315@b214146306@dG624.2@e2945:2(1)@f2 | |
| 语文.二年级.上册/温儒敏总主编.-北京:人民教育出版社,2017(2024重印) |
| 121页:彩图;26cm |
| 义务教育教科书 |
| ISBN 978-7-107-31932-7:CNY13.80 |
| ● |
| 相关链接 |
|
|
|
|
正题名:语文
索取号:G624.2/2945:2(1)
 
预约/预借
| 序号 | 登录号 | 条形码 | 馆藏地/架位号 | 状态 | 备注 |
| 1 | 1439895 | 214398953 | 第四借阅区/ [索取号:G624.2/2945:2(1)] | 在馆 |